Rhymes with 'Y' Quiz Stats

Quiz Updated Mar 7, 2012

Also try: Rhymes with Cat
Challenge
Share
Tweet
Embed
Score 0/49 Timer 05:00
2 Plays Today
% Correct
my
95.1%
lie
93.4%
by
93.2%
hi
93%
die
92.8%
why
92%
pie
87.9%
tie
87.9%
pi
86.5%
cry
84.9%
rye
84.7%
sigh
83.7%
high
80.3%
bye
80%
guy
77.9%
try
77.9%
fly
77.8%
ay
76.8%
fry
76.6%
dye
75.1%
aye
72.6%
nigh
71.2%
dry
71%
lye
68.9%
buy
68.6%
% Correct
sty
68%
eye
66.9%
sly
66.8%
pry
66.7%
ply
63.8%
vie
62.4%
bi
58.7%
fie
58.5%
shy
56.3%
I
56.1%
spy
53.5%
sky
53%
hie
48.3%
wry
45%
chi
36.3%
thigh
36.1%
thy
31.5%
chai
30%
xi
29%
spry
25.7%
stye
20.6%
wye
19%
phi
18.2%
psi
17.3%

You're not logged in!

Compare scores with friends on all Sporcle quizzes.
Join for Free
OR
Log In

You Might Also Like...

Show Comments

Extras

Top Quizzes Today


Score Distribution

Your Account Isn't Verified!

In order to create a playlist on Sporcle, you need to verify the email address you used during registration. Go to your Sporcle Settings to finish the process.

Report this User

Report this user for behavior that violates our Community Guidelines.

Details: